Loading...
| Science - Chemistry | 0 | 8 | 1 | 1 | 75 | 56 | 107.88 | 7 | 8 | 0.00 | 0.00 |
| Mythology | 0 | 6 | 1 | 1 | 55 | 34 | 111.33 | 1 | 6 | 0.00 | 0.00 |
| Fine Arts - Painting & Sculpture | 0 | 5 | 1 | 1 | 45 | 98 | 123.60 | 0 | 5 | 0.00 | 0.00 |
| Science - Physics | 0 | 5 | 2 | 1 | 40 | 13 | 71.40 | 3 | 5 | 0.00 | 0.00 |
| Literature - American | 0 | 5 | 2 | 1 | 40 | 95 | 117.60 | 2 | 5 | 0.00 | 0.00 |
| Philosophy | 0 | 4 | 0 | 0 | 40 | 74 | 100.75 | 2 | 4 | 0.00 | 0.00 |
| Literature - European | 0 | 4 | 0 | 0 | 40 | 129 | 136.00 | 0 | 4 | 0.00 | 0.00 |
| Social Science | 0 | 4 | 1 | 0 | 35 | 86 | 96.50 | 2 | 4 | 0.00 | 0.00 |
| Literature - British | 0 | 4 | 1 | 1 | 35 | 110 | 126.75 | 1 | 4 | 0.00 | 0.00 |
| Literature - World | 0 | 4 | 1 | 0 | 35 | 102 | 120.75 | 0 | 4 | 0.00 | 0.00 |
| Fine Arts - Classical Music | 0 | 4 | 1 | 0 | 35 | 123 | 129.75 | 0 | 4 | 0.00 | 0.00 |
| Religion | 0 | 4 | 2 | 1 | 30 | 107 | 116.75 | 1 | 4 | 0.00 | 0.00 |
| History - American | 0 | 4 | 2 | 1 | 30 | 91 | 116.00 | 1 | 4 | 0.00 | 0.00 |
| History - European | 0 | 3 | 1 | 1 | 25 | 85 | 120.67 | 1 | 3 | 0.00 | 0.00 |
| History - World | 0 | 3 | 1 | 1 | 25 | 104 | 110.33 | 0 | 3 | 0.00 | 0.00 |
| Science - Biology | 0 | 4 | 3 | 1 | 25 | 90 | 113.75 | 2 | 4 | 0.00 | 0.00 |
| Science - Other | 0 | 4 | 3 | 0 | 25 | 48 | 79.25 | 2 | 4 | 0.00 | 0.00 |
| Other | 0 | 2 | 0 | 1 | 20 | 61 | 92.00 | 1 | 2 | 0.00 | 0.00 |
| History - Other | 0 | 1 | 1 | 0 | 5 | 65 | 65.00 | 1 | 1 | 0.00 | 0.00 |
| Fine Arts - Other | 0 | 1 | 4 | 0 | -10 | 77 | 77.00 | 0 | 1 | 0.00 | 0.00 |